Intellectual property : (Record no. 14694)
[ view plain ]
| 000 -LEADER | |
|---|---|
| fixed length control field | 01226cam a2200265 a 4500 |
| 001 - CONTROL NUMBER | |
| control field | 11214 |
| 003 - CONTROL NUMBER IDENTIFIER | |
| control field | IN-BhIIT |
| 005 - DATE AND TIME OF LATEST TRANSACTION | |
| control field | 20250911181616.0 |
| 008 - FIXED-LENGTH DATA ELEMENTS--GENERAL INFORMATION | |
| fixed length control field | 040910s2005 enka b 001 0 eng |
| 020 ## - INTERNATIONAL STANDARD BOOK NUMBER | |
| ISBN | 9780521540674 (pbk.) |
| 040 ## - CATALOGING SOURCE | |
| Original cataloging agency | IN-BhIIT |
| 041 ## - LANGUAGE CODE | |
| Language code of text | eng |
| 082 00 - DEWEY DECIMAL CLASSIFICATION NUMBER | |
| Classification number | 346.73048 |
| Book number | BLA/I |
| 100 1# - MAIN ENTRY--AUTHOR NAME | |
| Personal name | Blair, Roger D. |
| Relator term | Author |
| 245 10 - TITLE STATEMENT | |
| Title | Intellectual property : |
| Sub Title | economic and legal dimensions of rights and remedies / |
| Statement of responsibility, etc | Roger D. Blair, Thomas F. Cotter. |
| 260 ## - PUBLICATION, DISTRIBUTION, ETC. (IMPRINT) | |
| Place of publication | Cambridge ; |
| -- | New York : |
| Name of publisher | Cambridge University Press, |
| Year of publication | 2005. |
| 300 ## - PHYSICAL DESCRIPTION | |
| Number of Pages | ix, 304 p. : |
| Other physical details(ill.) | ill. ; |
| Dimensions(size) | 24 cm. |
| 504 ## - BIBLIOGRAPHY, ETC. NOTE | |
| Bibliography, etc | Includes bibliographical references (p. 267-283) and index. |
| 505 0# - FORMATTED CONTENTS NOTE | |
| Formatted contents note | Introduction -- The law and economics of IPRs -- A general theory of damages rules -- Departures from the general theory -- Liability standards for IPRs -- Who is an infringer? -- Who should be entitled to sue for infringement? -- Calculating monetary damages -- Concluding remarks. |
| 650 #0 - SUBJECT ADDED ENTRY--TOPICAL TERM | |
| Topical Term | Intellectual property |
| Geographic subdivision | United States. |
| Topical Term | Intellectual property |
| General subdivision | Economic aspects. |
| Topical Term | Intellectual property infringement |
| Geographic subdivision | United States. |
| 700 1# - ADDED ENTRY--PERSONAL NAME | |
| Personal name | Cotter, Thomas F., |
| 942 ## - ADDED ENTRY ELEMENTS (KOHA) | |
| Koha item type | Technical Reference Book |
| Withdrawn status | Lost status | Damaged status | Not for loan | Collection code | Home library | Current library | Date acquired | Source of acquisition | Cost, normal purchase price | Full call number | Accession Number | Cost, replacement price | Price effective from | Koha item type |
|---|---|---|---|---|---|---|---|---|---|---|---|---|---|---|
| Not withdrawn | Not Lost | not damaged | SHSSM | Central Library, IIT Bhubaneswar | Central Library, IIT Bhubaneswar | 21/02/2025 | 31 | 2900.09 | 346.73048 BLA/I | 11214 | 3972.73 | 21/02/2025 | Technical Reference Book |